| 000 | 00624nam a22001937a 4500 | ||
|---|---|---|---|
| 999 |
_c166751 _d166751 |
||
| 005 | 20190807131830.0 | ||
| 010 | _aUR-10353 | ||
| 020 |
_c150.00 _a- |
||
| 035 | _aU-8908 | ||
| 037 | _bDBAD/PUB | ||
| 082 | _a841 | ||
| 100 | _aعظيم ا مر و ہو ی | ||
| 245 |
_aمعر ا ج سخن _cعظيم ا مر و ہو ی |
||
| 246 |
_bMehraj-e-Sukhan (Urdu) _aby Azeem Amrohivi |
||
| 260 |
_aN.Delhi _bAlimi Mersia Center, _c2013 ء |
||
| 270 |
_aMoosa Appartment,16,A,Zakir Nagar,Jamia Nagar, _bN.Delhi _e110025 _k09213104134 _l- |
||
| 300 |
_a208 ص _c22 Cm(Hb) |
||
| 942 |
_2ddc _cUR _h841 _mع ظ ی |
||